000 00729nam a2200217Ia 4500
003 GCL
008 140319s9999 xx 000 0 ara d
040 _aGCL /
_cGCL
082 0 4 _a843.009
_bا ح
100 1 _aالاهو، ريمون
245 1 0 _aحوار فى الرواية الحديثة /
_cالاهو، ريمون
700 1 _aنذار صبرى
700 1 _aهيلايى, فيليب
260 _a[S.N] :
_bدار الشئون الثقافية ،
_c1988
300 _a74 ص
490 _aسلسلة المائة كتاب
_v0
650 0 4 _aالادب الفرنسى
650 0 4 _aالادب الفرنسى - تاريخ ونقد
650 0 4 _aالقصص الفرنسية - تاريخ ونقد
942 _2ddc
_cBK
999 _c29848
_d29848